000 00434cam a2200181ua 4500
020 _c49.00
041 _aeng
_h
082 _a539.7
_bKAP/NU
100 _aKaplan, Irving .
245 _aNuclear physics /
_cIrving Kaplan.
_hTextual Documents
250 _a2 /
_b.
260 _aMumbai :
_bOxford & IBH Book Company ,
_c1962.
300 _a769 ; .
365 _a49.00
504 _a
942 _cBK
999 _c7552
_d7552